000
00313nam a22001337a 4500
008
171025b xxu||||| |||| 00| 0 eng d
020
_a
0135401127
041
_a
eng
080
_a
336.2
100
_a
55
101
_a
TAK
245
_a
THE LOGICAAL DESIGN OF OPERATION SYSTEMS
_c
SHARPE.R
942
_2
udc
_c
BK
999
_c
35926
_d
35926